000 00792nem a2200241 u 4500
005 20200104041740.0
008 160428b1995 C ||||| |a|| 00| 0 spa d
040 _aCO-BoIAVH
_cCO-BoIAVH
041 _aspa
044 _ack
090 _aMC-
_b0047
110 2 _aInstituto de Investigación de Recursos Biológicos Alexander von Humboldt.
_9204
245 1 _aMapa de bosques secos de neguanje ;
_h[Material cartográfico]
255 _a1:50000
260 _aBogotá
_bInstituto de Investigación de Recursos Biológicos Alexander von Humboldt.
_c1995
300 _a1 mapa
_bcolor
_c55 x 73 cm
650 1 6 _aBosques secos
_952279
650 1 4 _aBosques subhumedos
_966673
650 0 _aRastrojos
_966549
650 0 _aPastizales
_9100483
650 0 _aCultivos
_997107
942 _2z
_cMapa
999 _c18352
_d18352